000 01403npm a2200253 i 4500
001 5146
003 ES-MaACL
005 20230908142111.0
007 hzrazu bucu
008 900418r19901857it a 00010 ita d
080 _a05(51.11 Torino) R. Contemporanea
080 _a05(45)
245 0 0 _aRivista Contemporanea
_b: [Microforma] : Filosofia-Storia-Scienze-Letteratura, etc.
260 _aMadrid :
_bAteneo Cientifico, Literario y Artistico,
_c1990.
300 _a10 carretes de microfilme :
_bnegativo ;
_c16 mm.
500 _aPublicado originalmente: Torino, Tip. Economica diretta da Barera-Augusto Federico Negro, 1857-1870, periodicidad mensual.
500 _aDurante 1864 se publica con el tit.: Rivista Contemporanea Nazionale Italiana.
505 8 _aCarrete n. 1: 1857 -- Carrete n. 2: 1859 a 1860 (t. 21) -- Carrete n. 3: 1960 (t. 22) a 1862 (t. 31, p.451) -- Carrete n. 4: 1862 (t. 31, p.452) a 1863 (t. 35, p.99) -- Carrete n. 5: 1863 (t.35, p.100) a 1864 -- Carrete n. 6: 1865 a 1866 (t. 44) -- Carrete n. 7: 1866 (t. 45) a 1867 (t. 49, p.345) -- Carrete n. 8: 1867 (t. 49, p.346) a 1869 (t. 54, p.309) -- Carrete n. 9: 1869 (t. 54, p.310) a 1869 (t. 57) -- Carrete n. 10: 1869 (t. 58) a 1870
650 1 4 _aObras de 1800.
_915662
852 _aES-MaACL
_jMC-61-70
_95263
_cDEPO1
942 _2udc
_cMICROFORMA
999 _c5146
_d5146